[Event "RUS-Cup01 Chigorin Memorial"]
[Site "St Petersburg"]
[Date "1997.11.02"]
[Round "2"]
[White "Beshukov, Sergei"]
[Black "Neverov, Valeriy"]
[Result "1/2-1/2"]
[WhiteElo "2430"]
[BlackElo "2560"]
[Annotator "Psakhis,L"]
[PlyCount "32"]
[EventDate "1997.11.01"]
[EventType "swiss"]
[EventRounds "9"]
[EventCountry "RUS"]
[SourceTitle "CBM 062"]
[Source "ChessBase"]
[SourceDate "1998.01.31"]
[SourceVersion "1"]
[SourceVersionDate "1998.01.31"]
[SourceQuality "1"]

1. e4 e6 2. d3 d5 3. Qe2 dxe4 4. dxe4 b6 (4... e5 5. Nf3 Nc6 6. c3 Nf6 7. Qc2
h6 8. Nbd2 Bd6 9. b4 Ne7 10. Nc4 Ng6 11. Be2 O-O 12. O-O b6 13. Re1 Bb7 14. Bf1
Re8 15. a4 Bf8 16. g3 Qc8 17. Nfd2 Nh7 18. h3 a6 19. Ne3 $14 {Garcia Padron,
J-Vega Holm,F/ESP-chT 1997/EXP 60/1-0 (33)}) 5. Nf3 (5. c3 $5 Ba6 6. Qc2 Bxf1
7. Kxf1 Qd7 8. g3 Nc6 9. f4 (9. Nf3 $5 Nf6 10. Kg2) 9... Rd8 10. Ke2 Nf6 11.
Nf3 a5 12. Be3 Ng4 13. Bg1 Be7 14. h3 Nf6 15. Nbd2 $14 {0-1 Boucek,V-Kuric,M/
Znojmo op-B 1997 (48)}) 5... Bc5 (5... Ba6 6. c4 Nc6 (6... c5 7. Nc3 Ne7 8. Bf4
Ng6 9. Rd1 Qc8 10. Bc1 Be7 11. h4 Nc6 12. g3 O-O 13. b3 Bf6 $132 {Bakhtadze,
G-Rabinovich,A/EU-chJM 1997/EXP 59/0-1 (32)}) 7. Nc3 Bb4 8. Bd2 Na5 9. b3 Qe7
10. g3 O-O-O 11. Bg2 Nf6 12. Rc1 Nb7 13. O-O Kb8 14. e5 Nd5 15. Nxd5 {1/2-1/2
Solana,E-Lezcano Jaen,P/Las Palmas-C 1993/EXT 93}) 6. e5 {Premature move,
white has bigger chances for initiative after} (6. c3 $5 {for example} a5 7.
Qc2 Nf6 8. Bg5 h6 9. Bh4 Be7 10. Na3 (10. Nbd2 $5 $14) 10... Nfd7 11. Bg3 Bxa3
12. bxa3 Ba6 13. c4 Bb7 14. Rd1 Qc8 15. Be2 O-O 16. O-O Nc6 17. e5 Ne7 $11 {
1-0 Morozevich,A-Kiriakov,P/St.Petersburg Chigorin 1997 (29)}) 6... Bb7 {
[%csl Gb7]} 7. Nbd2 (7. Bg5 $5 Ne7 (7... Bxf3 8. Qxf3 Qxg5 $2 9. Qxa8 (9. Bb5+
Ke7 10. Qxa8 Qc1+ 11. Ke2 Qxb2 12. Qxb8 Qxe5+ $1 13. Kd1 Qd4+ 14. Kc1 Qxa1 15.
Qxc7+ Kf6) 9... Qc1+ 10. Ke2 Qxb2 11. Qxb8+ Kd7 12. Kf3 $1 $18) 8. Nc3 h6 9.
Rd1 Nd7 $13) 7... Ne7 8. Ne4 Qd5 $1 (8... Nd7 9. Bg5 h6 10. Bh4 O-O 11. O-O-O
$14) 9. Nxc5 Qxc5 10. Qb5+ Nd7 11. Qxc5 (11. Be3 Qxb5 (11... Qxc2 12. Rc1 c6
13. Rxc2 (13. Qb4 Nd5 $1) 13... cxb5 14. Bxb5 $14) 12. Bxb5 Bxf3 13. Bxd7+ (13.
gxf3 c6 14. Be2 Nxe5 $17) 13... Kxd7 14. gxf3 Rhd8 $15) 11... Nxc5 12. Bb5+ Bc6
(12... c6 13. Be2 $14) 13. Nd4 (13. Bxc6+ Nxc6 14. Bd2 O-O-O $11) 13... Bxb5
14. Nxb5 Kd7 (14... Nd5 $5 15. c4 $140 (15. Bd2 $11) 15... a6 16. Nd4 (16. cxd5
$2 axb5 $15) 16... Nd3+ 17. Ke2 $11) 15. Be3 Nc6 16. Nd4 Nb7 1/2-1/2

[Event "Hastings 0001 76th"]
[Site "Hastings"]
[Date "2001.01.04"]
[Round "7"]
[White "Beshukov, Sergei"]
[Black "Plaskett, H James"]
[Result "1-0"]
[WhiteElo "2428"]
[BlackElo "2525"]
[Annotator "Psakhis,L"]
[PlyCount "88"]
[EventDate "2000.12.29"]
[EventType "tourn"]
[EventRounds "9"]
[EventCountry "ENG"]
[EventCategory "12"]
[SourceTitle "CBM 081"]
[Source "ChessBase"]
[SourceDate "2001.03.20"]
[SourceVersion "1"]
[SourceVersionDate "2001.03.20"]
[SourceQuality "1"]

1. e4 c5 2. Nf3 e6 3. d3 Nc6 4. g3 Nf6 5. Bg2 Be7 6. O-O d5 7. Qe2 {'White
plays a reversed King's Indian - a solid and fashionable line.} b5 $5 8. e5 (8.
Bg5 O-O 9. e5 Nd7 10. Bxe7 Qxe7 11. Re1 a5 12. Nbd2 Ba6 13. h4 b4 14. Qe3 Rae8
15. Nf1 f6 16. exf6 Nxf6 17. Qd2 Qd6 18. Ne3 Bc8 19. Bh3 Nd4 {1/2-1/2 Torre,
E-Antonio,R/Manila m 1998 (30)}) (8. c3 Bb7 9. Bg5 h6 10. exd5 Qxd5 11. Be3 Rd8
12. d4 cxd4 13. cxd4 b4 14. Nbd2 O-O 15. Nb3 Rc8 16. Rac1 Na5 17. Nh4 Qd8 18.
Bxb7 Nxb7 19. Rxc8 Qxc8 20. Rc1 Qa8 21. Bd2 $14 {1-0 Romanishin,O-Bareev,E/
Moscow (ol) 1994/Inf 62/[Romanishin,O] (33)}) 8... Nd7 9. h4 h6 ({Black could
start immediately counterplay on the queen's side with} 9... a5 {for example}
10. Bf4 b4 11. Nbd2 Ba6 12. Rfe1 h6 13. h5 Bg5 14. Bxg5 hxg5 15. g4 Nf8 16. Qe3
Rc8 17. Qxg5 Qxg5 18. Nxg5 g6 19. f4 gxh5 20. gxh5 Rxh5 21. Nde4 dxe4 22. Nxe4
Ke7 23. Nxc5 Nb8 24. Nxa6 {Fox,A-Daly,C/IRL-ch Dublin 1997/0-1 (44)}) 10. c3 (
10. h5 a5 11. c3 a4 12. Nbd2 c4 13. d4 a3 14. bxa3 Bxa3 15. Bxa3 Rxa3 16. Nb1
Ra7 17. a3 O-O 18. Ra2 f6 $15 {0-1 Beshukov,S-Neverov,V/Sochi 1993 (54)}) 10...
g5 {[%cal Gg5g4] A typical pawn move for this structure - Black creates
immediate a threat against the pawn e5.} 11. hxg5 hxg5 12. d4 b4 $1 {[%cal
Gd8b6,Gc8a6] It looks that black got an initiative on both flanks.} 13. dxc5
Nxc5 14. cxb4 Nxb4 15. Qb5+ Nd7 {[%cal Rc8a6]} 16. Qa4 Ba6 17. Bd2 {Trying to
change the character of the position.} (17. Rd1 Be2 18. Re1 Bxf3 19. Bxf3 Nd3
$17) 17... Qb6 18. Nc3 Bxf1 19. Bxf1 Bc5 $5 ({Maybe} 19... g4 $5 $17 {was easy,
but Plaskett never choose the easiest ways!}) 20. Bb5 $1 O-O-O (20... Rd8 21.
Bxg5 {[%cal Rb5e8,Rg5d8]}) 21. Bxg5 Nxe5 $1 {[%mdl 128]} (21... f6 $5 22. exf6
a6 23. Bxd7+ Rxd7 24. Nd1 Nd3 $36 {leads to black's favour, but the move in
the game is much stronger!}) 22. Nxe5 Bxf2+ 23. Kg2 Bxg3 {[%csl Rg2]} 24. Bd7+
$1 (24. Kxg3 {losing almost by force:} Rdg8 25. Bd7+ (25. Nxf7 Qe3+ 26. Kg4
Qd4+) 25... Kb8 26. Nf3 Rxg5+ $1 27. Nxg5 Qe3+ {with a quick checkmate.}) 24...
Kb7 25. Ng4 (25. Kxg3 Rdg8 26. Nf3 Rxg5+ $1 27. Nxg5 Qe3+) 25... Rdg8 26. Be3
Rxg4 $2 (26... d4 $142 $1 $19) 27. Bxb6 Bc7+ 28. Kf3 Rg3+ 29. Ke2 Bxb6 {
[%cal Rh8h2] Black's attack looks terrific!} 30. Rf1 $8 Rh2+ 31. Kd1 Rxb2 (
31... Rd3+ 32. Kc1 Rxc3+ $1 33. Kb1 $1 (33. bxc3 $4 Nxa2+ $19 {[%cal Ra2c3]})
33... Rc4 $5 (33... Rc7 34. Bxe6 $1 fxe6 35. Qxb4) 34. Bb5 (34. Qb5 Ka8 {
[%cal Gb6d4]}) 34... Rxb2+ $1 35. Kxb2 Nd3+ 36. Kb1 Rxa4 37. Rxf7+ Bc7 38. Bxa4
Nc5 $15) 32. a3 $4 (32. Bxe6 $1 Rxc3 (32... fxe6 33. Rf7+ Bc7 34. Qb5+) (32...
Rd3+ 33. Kc1 Rc2+ 34. Kb1 Rdxc3 35. Rxf7+ Rc7 36. Rxc7+ Rxc7 37. Qxb4 $18) 33.
Rxf7+ Rc7 34. Rxc7+ Bxc7 35. Qb5+ Bb6 36. Bxd5+ Kc7 (36... Nxd5 37. Qxd5+ $1
Kc8 (37... Ka6 38. Qd3+) 38. Qf5+ Kb7 39. Qf3+ Kb8 40. Qf8+ Kc7 41. Qg7+ $18))
32... Rxc3 33. axb4 Be3 34. Bc8+ $5 (34. Bc6+ Kc8 (34... Rxc6 35. Rxf7+ Rc7 36.
Qe8) 35. Qa6+ Kd8 36. Qa5+ Bb6 37. Qa4 Rd3+ 38. Kc1 Rdb3 39. Rf3 $8 (39. Qa1
Be3+ 40. Kd1 Ke7 $5 $19) 39... Rb1+ (39... Rxb4 $132) 40. Kc2 R1b2+ $11 (40...
R3b2+ $2 41. Kc3 (41. Kd3 Rxb4) 41... Bd4+ 42. Kxd4 Rxb4+ 43. Qxb4 Rxb4+ 44.
Kc5 $18 {[%cal Rc5d6]})) 34... Kxc8 $4 $138 {[%mdl 8192]} (34... Ka8 35. Bb7+
$1 Kxb7 36. Rxf7+ Rc7 37. Qe8 $11) (34... Rxc8 $142 $1 35. Rxf7+ Ka8 36. Rf8 $3
Rxf8 37. Qc6+ Kb8 38. Qd6+ Kb7 39. Qxf8 Rd2+ 40. Ke1 Kc6 41. Qe8+ Kd6 42. Qf8+
Ke5 43. Qh8+ Ke4 44. Qh7+ $11) 35. Qe8+ $18 Kb7 36. Rxf7+ Ka6 (36... Rc7 $5 37.
Rxc7+ Kxc7 38. Qe7+ Kc6 39. Qxe6+ Kb5 40. Qxe3 Rxb4 41. Qxa7 $18) 37. Qa4+ Kb6
38. Qa5+ Kc6 39. Rc7+ (39. Qc7+ $5 Kb5 40. Qxc3) 39... Kd6 40. Rxc3 Ke5 41.
Qc7+ ({Why not?} 41. Rxe3+) 41... Ke4 42. Qd7 Bb6 43. Rc2 Rb1+ 44. Kd2 Kd4 1-0

[Event "EU-chT (Men) 12th"]
[Site "Batumi"]
[Date "1999.11.30"]
[Round "2.3"]
[White "Magem Badals, Jordi"]
[Black "Kosic, Dragan"]
[Result "1-0"]
[WhiteElo "2528"]
[BlackElo "2523"]
[Annotator "Psakhis,L"]
[PlyCount "83"]
[EventDate "1999.11.06"]
[EventType "team-swiss"]
[EventRounds "9"]
[EventCountry "GEO"]
[SourceTitle "CBM 074"]
[Source "ChessBase"]
[SourceDate "2000.02.01"]
[SourceVersion "1"]
[SourceVersionDate "2000.02.01"]
[SourceQuality "1"]
[WhiteTeam "Spain"]
[BlackTeam "Yugoslavia"]
[WhiteTeamCountry "ESP"]
[BlackTeamCountry "YUG"]

1. e4 e6 2. d3 d5 3. Qe2 Nf6 4. Nf3 b6 5. e5 Nfd7 6. g3 Bb7 (6... c5 7. Bg2 Be7
8. h4 (8. c4 $5) 8... Nc6 9. c4 dxc4 10. dxc4 Bb7 11. O-O Qc7 12. Bf4 Nf8 13.
Re1 Ng6 14. Bd2 O-O-O 15. Nc3 a6 16. h5 Nf8 17. Bf4 h6 18. Ne4 g5 19. Nd6+ Bxd6
20. exd6 Qd7 21. Be5 {Glek,I-Granda Zuniga,J/Wijk aan Zee 1997/CBM 57/ 1-0 (41)
}) 7. Bg2 Be7 (7... c5 8. O-O Nc6 9. c4 d4 10. h4 h6 11. Na3 a6 12. Nc2 Qc7 13.
Re1 Rb8 14. Rb1 g6 15. b4 Bg7 16. bxc5 bxc5 17. Bf4 $36 {1-0 Kovalev,
A-Kasanicky,R/Tatranska Lomnica op 1999 (29)}) 8. O-O c5 (8... b5 $5) 9. c4 {
Key move for lines with Qe2. Pawn on e5 is protected and White tries to get
some space on the queenside.} (9. h4 b5 10. Re1 {1/2-1/2 Maiwald,J-Uhlmann,W/
Dresden op 1998 (10)}) 9... d4 10. Nfd2 $1 {[%csl Ge5][%cal Gf2f4,Gd2e4]
Another typical idea.} Bxg2 11. Kxg2 Nc6 12. f4 $14 Qc7 13. Ne4 O-O-O (13...
O-O $5) 14. Na3 {[%cal Ra3b5]} a6 15. Nc2 {[%cal Gc1d2,Gb2b4] Results of
opening are very nice for Magem-he can slowly prepared attack on queenside
while Black can,t organized any counterplay.} Qb7 $146 (15... f5 16. exf6 gxf6
17. f5 e5 18. Qh5 Rdg8 19. Bh6 Nd8 20. Ne1 Qc6 21. Nf3 Nb7 22. b3 Nd6 23. Rae1
$16 {1-0 Psakhis,L-Weischede,T/Groningen op 1996 (44)}) 16. Bd2 f5 17. exf6
gxf6 18. f5 $1 Nde5 ({Deserves attention} 18... exf5 $5 19. Rxf5 h5 {and in
the case of greedy} 20. Rxh5 $140 $6 Rxh5 21. Qxh5 Nce5 {[%cal Re5c4,Re5d3]
position became more complicated.}) 19. Ne1 exf5 20. Rxf5 Qd7 21. Qh5 $16 {
[%csl Ge4,Gf5]} Qe6 22. Nf2 Ng6 23. Nf3 Rhg8 24. Re1 Nce5 25. Nxe5 fxe5 {
[%cal Re6f5]} (25... Nxe5 26. Bf4 Qc6+ 27. Kf1 {doesn,t look too promising for
black}) 26. Kg1 $1 Rdf8 27. Rxf8+ Rxf8 28. Ne4 {[%csl Ge4,Rh7]} Kc7 (28... Qf7
$142 $1 $16) 29. Rf1 (29. Qxh7 $5 Rh8 30. Ng5 $1 $18) 29... Rxf1+ 30. Kxf1 Nf8
31. Kg2 Kd7 (31... b5 32. b3) 32. b3 $1 Kc7 (32... Kd8 $5) 33. Qe8 Qd7 34. Qa8
Qc8 35. Qa7+ Qb7 36. Qxb7+ Kxb7 37. Kf3 $18 {[%cal Gf3h6]} h5 38. g4 hxg4+ 39.
Kxg4 Ng6 40. Bg5 Bxg5 (40... Bf8 41. h4) 41. Kxg5 Nf4 42. h4 (42. h4 Nxd3 43.
h5 Nf4 44. h6 Ne6+ 45. Kf6 Nf8 46. Kg7 Ne6+ 47. Kf7 Nd8+ 48. Kf6 $18) 1-0

[Event "Bermuda"]
[Site "Bermuda"]
[Date "2004.01.23"]
[Round "8"]
[White "Vescovi, Giovanni P"]
[Black "Shabalov, Alexander"]
[Result "1-0"]
[WhiteElo "2633"]
[BlackElo "2623"]
[Annotator "Psakhis,L"]
[PlyCount "81"]
[EventDate "2004.01.15"]
[EventType "tourn"]
[EventRounds "10"]
[EventCountry "BER"]
[EventCategory "16"]
[SourceTitle "CBM 099"]
[Source "ChessBase"]
[SourceDate "2004.03.30"]
[SourceVersion "1"]
[SourceVersionDate "2004.03.30"]
[SourceQuality "1"]

1. e4 c5 2. Nf3 e6 3. d3 Nc6 4. g3 Nf6 5. Bg2 d5 (5... d6 6. O-O Be7 7. Re1 O-O
8. c3 Bd7 $13) 6. Qe2 $5 Be7 7. O-O O-O 8. e5 Nd7 (8... Ne8 $5 9. c4 Nc7 10.
Nc3 Rb8 11. Rd1 b5 12. b3 Ba6 13. a4 bxc4 14. bxc4 Rb4 15. Ba3 Rb6 16. Nb5 d4
17. Nd2 $14 {1-0 Jones,G-Knott,S/BCF t-ch 0203 2003/(42)}) 9. c4 $1 Nb6 {
[%csl Rb6]} (9... d4 10. h4 Qc7 11. Bf4 b6 12. Nbd2 Bb7 13. Rfe1 Nb4 14. Nf1 a6
15. a3 Nc6 16. N1h2 b5 17. Ng4 Rfe8 18. h5 $36 {1-0 Beshukov,S-Drozdovsky,Y/
Moscow op 1999/CBM 70 (38)}) (9... dxc4 10. dxc4 Qc7 11. Bf4 Rd8 12. Nc3 Nf8
13. Nb5 Qb6 14. Rad1 Bd7 15. h4 Be8 16. Bg5 $14 {1-0 Galdunts,S-Weiss,O/Baden
Baden op 2002 (54)}) 10. b3 (10. h4 $5 Bd7 11. Bf4 Nd4 12. Nxd4 cxd4 13. Nd2
Bc6 14. Rad1 dxc4 15. dxc4 d3 16. Qg4 Qd4 17. b3 Bxg2 18. Kxg2 Rfd8 19. Nf3 Qe4
20. Rfe1 Qc6 21. Re3 $16 {1-0 Glek,I-Wyss,T/Valle d'Aosta op 2002/(24)}) 10...
a5 (10... Bd7 11. Bb2 Qb8 12. Re1 Rd8 13. Nbd2 Be8 14. Nf1 a5 15. a4 dxc4 16.
dxc4 Nd4 17. Nxd4 cxd4 18. Red1 Bc5 19. Nd2 $36 {1-0 Kovalev,A-Novkovic,M/
Presov 2000/(47)}) (10... f6 11. exf6 Bxf6 12. Bb2 Bxb2 13. Qxb2 d4 14. Re1 Bd7
15. Qe2 Qf6 16. Nbd2 $36 {[%csl Ge4] Soylu,S-Greenidge,K/Bled Olympiad 2002//
1-0 (35)}) 11. Na3 $146 (11. a4 $5 Bd7 12. Nc3 Nb4 13. Bf4 Bc6 14. Rad1 Nd7 15.
h4 b6 16. Rfe1 Qc8 17. Ng5 Qb7 18. Nb5 h6 19. Nh3 Rfd8 $13 {Fiorito,F-Borges,J/
Santa Clara-A 2000/0-1 (39)}) 11... a4 12. h4 Bd7 (12... f6 $5 13. Bb2 $13) 13.
Bf4 Nb4 {Knowing how badly this move turned out for Black in this game, I dare
suggesting} (13... f6 $5 14. Rfe1 fxe5 15. Nxe5 Nd4 $132) 14. Nc2 $1 Nxc2 15.
Qxc2 Bc6 16. Nh2 {[%cal Gh2g4] A typical but strong manoeuvre - White finds a
way to transfer his knight to the K-side.} f5 17. exf6 Bxf6 18. Rae1 {[%csl
Ge5,Re6]} Bxh4 19. Rxe6 axb3 20. axb3 Qc8 21. Rfe1 $36 {[%csl Rb6]} Bf6 $2 {
[%mdl 8192] A terrible move, after the correct} (21... Ra1 $5 {White must
still work hard to convert his initiative into something real.}) 22. Bd6 $2 ({
White should have preferred} 22. cxd5 Nxd5 (22... Bxd5 23. Rxb6 $18) 23. Qc4 b5
(23... Nb6 24. Rxc6+ Nxc4 25. Rxc8 Rfxc8 26. dxc4 $18) 24. Rxc6 $1 bxc4 25.
Bxd5+ Kh8 26. Rxc8 Raxc8 27. bxc4 $18) 22... Rf7 (22... Ra1 23. Bxf8 Qxe6 24.
Rxa1 Bxa1 25. Bxc5 $16) 23. Bxc5 Nd7 24. Bd6 ({White again missed a very good
oportunity to get a big advantage} 24. cxd5 $5 Bb5 25. d4 Nxc5 (25... b6 26. d6
) 26. Qxc5 Qxc5 27. dxc5 Bd4 28. Nf3 Bxc5 29. b4 $1 $16) 24... Nf8 (24... dxc4
25. dxc4 Bd4 26. Ng4 $16) 25. R6e2 {Strange move, a natural development of the
initiative can be achieved by} (25. cxd5 $5 Bb5 (25... Nxe6 26. dxe6 Re7 27.
Bxe7 Bxe7 28. d4 $18) 26. Qxc8 Rxc8 27. Ng4 {with winning position}) 25... d4 (
25... dxc4 $5 26. Qxc4 (26. dxc4 $2 Bxg2 27. Kxg2 Qc6+ $19) 26... Bxg2 27. Kxg2
$16) 26. Bxf8 Bxg2 27. Kxg2 Qc6+ 28. Kg1 Raxf8 29. Re6 $18 {[%csl Rf6]} Qd7 30.
Qe2 Bd8 {[%cal Gd8a5]} 31. f4 (31. Re5 $5) 31... Ba5 32. Ra1 Bd2 $5 33. Qe4 $1
Be3+ 34. Kg2 {[%cal Gh2g4,Ga1h1]} h5 35. Rf1 (35. Ra5 $5 $18) 35... b5 36. Re5
bxc4 37. bxc4 h4 38. Rh5 (38. Nf3 hxg3 39. Ng5 Rf5 40. c5 $1 $18) 38... Rf5 ({
There wasn't a rescue in} 38... Qb7 39. Rxh4 Qxe4+ 40. dxe4 Rc7 41. Ng4 $18)
39. Rxf5 (39. Rxh4 Re8 40. Qf3) 39... Rxf5 40. Ng4 {White has both positional
and material advantage, so the rest is pretty clear.} Ra5 $6 (40... hxg3 41.
Nxe3 dxe3 42. Qxe3 $18) 41. Rb1 $5 (41. Rh1 $5) 1-0

[Event "Penta Media GM"]
[Site "Kelamabakkam"]
[Date "2000.08.20"]
[Round "7"]
[White "Iuldachev, Saidali"]
[Black "Reefat, Bin Sattar"]
[Result "0-1"]
[WhiteElo "2515"]
[BlackElo "2467"]
[Annotator "Psakhis,L"]
[PlyCount "80"]
[EventDate "2000.08.14"]
[EventType "tourn"]
[EventRounds "12"]
[EventCountry "IND"]
[EventCategory "11"]
[SourceTitle "CBM 079"]
[Source "ChessBase"]
[SourceDate "2000.11.21"]
[SourceVersion "1"]
[SourceVersionDate "2000.11.21"]
[SourceQuality "1"]

1. e4 c5 2. Nf3 e6 3. d3 Nc6 4. g3 d5 5. Qe2 Nf6 6. Bg2 Be7 7. O-O O-O 8. e5
Nd7 9. c4 f6 {I don;t like this move, normal} (9... d4 {is stronger} 10. h4 (
10. Bf4 g5 11. Bc1 g4 12. Ne1 Ncxe5 13. Bf4 Bf6 $17) 10... Rb8 11. Bf4 Qc7 12.
Re1 b5 13. b3 bxc4 14. bxc4 Nb6 15. Ng5 Bxg5 16. hxg5 Bb7 17. Nd2 Na4 $13 {
0-1 Schuh,D-Kucera,P/Dortmund op-A 2000/Ajelibre (31)}) 10. exf6 Nxf6 11. Nc3 (
{Worth consideration} 11. Bf4 $5 {and after} Bd6 12. Bxd6 Qxd6 13. Nc3 a6 14.
Rae1 Bd7 15. Ne5 Rae8 16. Nxc6 Bxc6 17. Qe5 Qxe5 18. Rxe5 Nd7 19. Re2 d4 20.
Ne4 Re7 21. Nd6 Bxg2 22. Kxg2 Rb8 23. f4 $16 {Magem Badals,J-Ayas Fernandez,A/
Catalunya-ch Barcelona 2000/1-0 (41)}) 11... Nd4 12. Qd1 {[%csl Rd5,Re6][%cal
Gc1g5]} a6 $146 (12... Nxf3+ 13. Bxf3 d4 14. Ne4 e5 15. Re1 Qc7 16. Bd2 Bf5 17.
a3 Nxe4 18. Bxe4 Bxe4 19. Rxe4 Rf5 20. Qe2 Bd6 21. b4 $14 {Sale,S-Susnik,M/
Bled op 1996/1-0 (86)}) 13. Re1 Kh8 14. Bg5 $14 {White's advantage is quite
obvious now} Nxf3+ 15. Bxf3 d4 16. Nb1 {[%cal Gb1d2,Gd2e4]} (16. Bxf6 gxf6 (
16... Rxf6 17. Ne4)) 16... Qb6 17. Nd2 Bd7 ({Maybe brave} 17... Qxb2 $142 $5 {
was stronger, for example} 18. Rb1 Qxa2 19. Bxb7 Bxb7 20. Rxb7 Bd8 $5 21. Rxe6
a5 $13) 18. Qb3 Qa5 (18... Qxb3 19. Nxb3 {[%csl Gf3][%cal Gf3b7]}) 19. Re2 (19.
Bxf6 Bxf6 20. Qxb7 Rab8 21. Qxd7 Qxd2) 19... Ra7 20. h4 (20. Rae1 $5 b5 21. a3
$14) 20... Qd8 $2 {Strange move, Black sacrifice pawn without any compensation}
(20... b5 $14) 21. Bxb7 h6 22. Bxf6 $6 {Serious mistake, after} (22. Bf4 $1 $18
{white;s position is great!}) 22... gxf6 $1 {[%cal Gf6f3,Gf8g8]} 23. Bg2 Bc8
24. Rae1 f5 {Black managed to organized real counterplay on the king side.} 25.
Nf3 (25. Qb8 Rc7 26. Nf3 Bd6) 25... Bd6 {[%cal Ga7g7]} 26. Ne5 Rg7 27. h5 Bxe5
28. Rxe5 f4 29. Qb8 $1 fxg3 30. fxg3 Rxg3 31. Rxe6 (31. Rxc5 $5 {doesn't look
to bad for White, for example:} Rfg8 32. Re2 Rxd3 33. Qe5+ Rg7 $132) 31...
Rxg2+ 32. Kxg2 Rg8+ 33. Kf2 $2 {[%mdl 8192] Blunder!} ({After} 33. Kf3 Rf8+ 34.
Kg2 Qg5+ 35. Qg3 Bb7+ 36. R1e4 $13 {White still keep solid position} (36. R6e4
Qxh5 {[%cal Rf8g8]})) 33... Qh4+ $19 {Now Black is winning just in few moves}
34. Ke2 Bxe6 35. Qe5+ Rg7 36. Kd2 (36. Qxe6 $2 Re7) 36... Bf7 37. Kc2 Qxh5 38.
Qe4 Qg4 39. Qa8+ Kh7 40. Qxa6 Qg2+ 0-1